000 00217nam a2200097Ia 4500
008 190216s9999||||xx |||||||||||||| ||und||
100 _aGeorge K M
245 0 _aJeedvacharithra Sahithyam
260 _bNull
942 _cBK
999 _c24332
_d24332